[Event "ITA-ch Seniors 35th"]
[Site "Arco"]
[Date "2013.04.17"]
[Round "6"]
[White "Bonollo, Sergio"]
[Black "Beltrami, Nerio"]
[Result "0-1"]
[WhiteElo "1821"]
[BlackElo "1907"]
[PlyCount "79"]
[EventDate "2013.04.12"]
[EventType "swiss"]
[EventRounds "9"]
[EventCountry "ITA"]
[SourceTitle "CBM 154 Extra"]
[Source "ChessBase"]
[SourceDate "2013.06.25"]
[SourceVersion "2"]
[SourceVersionDate "2013.06.25"]
[SourceQuality "1"]

1. e4 d6 2. d4 g6 3. c3 Bg7 4. Bd3 a6 5. h3 b5 6. Ne2 Bb7 7. 0-0 Nd7 8. Be3 c5 9. Bc2 cxd4 10. Bxd4 Ngf6 11. f3 0-0 12. a4 Qc7 13. Nd2 Nc5 14. Kh1 Ne6 15. Bb3 Nxd4 16. Nxd4 b4 17. cxb4 Nh5 18. Ne2 Bxb2 19. Ra2 Bg7 20. Qb1 Rac8 21. Rc2 Qb8 22. Rfc1 e6 23. Ba2 Bh6 24. Rxc8 Rxc8 25. Rxc8+ Qxc8 26. Nc4 Qc7 27. b5 d5 28. exd5 exd5 29. Na3 Ng3+ 30. Nxg3 Qxg3 31. bxa6 Bf4 32. Qg1 Bxa6 33. Bxd5 Bc8 34. Nb5 Bxh3 35. Bxf7+ Kg7 36. Qd4+ Kxf7 37. Qa7+ Kg8 38. Qa8+ Kg7 39. Qb7+ Kh6 40. Qa7 0-1

[Event "Mestre Ragazzini Memorial 2nd"]
[Site "Mestre"]
[Date "2011.05.21"]
[Round "2"]
[White "Bonollo, Sergio"]
[Black "Rosina, Graziano"]
[Result "0-1"]
[WhiteElo "1822"]
[BlackElo "1829"]
[PlyCount "114"]
[EventDate "2011.05.20"]
[EventType "swiss"]
[EventRounds "5"]
[EventCountry "ITA"]
[SourceTitle "EXT 2022"]
[Source "ChessBase"]
[SourceDate "2021.10.06"]
[SourceVersion "1"]
[SourceVersionDate "2021.10.06"]
[SourceQuality "1"]

1. e4 e5 2. Nf3 Nf6 3. Nc3 Nc6 4. Bc4 Nxe4 5. Bxf7+ Kxf7 6. Nxe4 d5 7. Neg5+ Kg8 8. h4 h6 9. d3 hxg5 10. Nxg5 Be7 11. Qf3 Bf6 12. Bd2 Nd4 13. Qg3 Nxc2+ 14. Ke2 Nxa1 15. Rxa1 Qd7 16. f3 Qf5 17. Rc1 c6 18. Rf1 Bxg5 19. Bxg5 e4 20. d4 Bd7 21. Bf4 exf3+ 22. Rxf3 Qg4 23. Qf2 Rxh4 24. Kd2 Rf8 25. g3 Rh2 26. Qxh2 Qxf3 27. Qh4 Bg4 28. Qe7 Rxf4 29. gxf4 Qxf4+ 30. Kc3 Qc1+ 31. Kb3 Qc4+ 32. Ka3 Qxd4 33. Qd8+ Kh7 34. b3 c5 35. Qg5 a5 36. Qh4+ Kg6 37. Qg3 Kg5 38. Qd6 Bf5 39. Qg3+ Kf6 40. Qd6+ Be6 41. Qf8+ Kg6 42. Qd6 Kf5 43. Qf8+ Ke4 44. Qe7 Kf5 45. Qf8+ Kg4 46. Qe8 Qe4 47. Qe7 g6 48. Qd6 c4 49. Qh2 cxb3 50. axb3 Kf5 51. Qf2+ Ke5 52. Qg3+ Kf6 53. Qc3+ d4 54. Qxa5 Qd5 55. Qb4 Qxb3+ 56. Qxb3 Bxb3 57. Kxb3 Ke5 0-1

[Event "Mogliano Veneto op-B 32nd"]
[Site "Mogliano Veneto"]
[Date "2011.05.01"]
[Round "4"]
[White "Pisani, Valerio"]
[Black "Bonollo, Sergio"]
[Result "0-1"]
[WhiteElo "1714"]
[BlackElo "1864"]
[PlyCount "128"]
[EventDate "2011.04.29"]
[EventType "swiss"]
[EventRounds "5"]
[EventCountry "ITA"]
[SourceTitle "EXT 2024"]
[Source "ChessBase"]
[SourceDate "2023.10.10"]
[SourceVersion "1"]
[SourceVersionDate "2023.10.10"]
[SourceQuality "1"]

1. Nc3 g6 2. e4 Bg7 3. d4 d6 4. Bc4 Nf6 5. Nf3 0-0 6. h3 a6 7. a4 Nbd7 8. 0-0 Nb6 9. Bd3 Nfd7 10. a5 c5 11. axb6 cxd4 12. Nd5 Nxb6 13. Nxb6 Qxb6 14. b3 Bd7 15. Bg5 Rfe8 16. Qd2 e5 17. Bh6 Qd8 18. Bxg7 Kxg7 19. Nh2 g5 20. Qe2 h6 21. Qh5 Rh8 22. Bc4 Qe7 23. g3 f6 24. f4 Be8 25. Qf3 Bd7 26. Kg2 Raf8 27. f5 Rh7 28. g4 Rfh8 29. Rh1 h5 30. Qf2 Bc6 31. Qe2 hxg4 32. hxg4 Rh4 33. Rag1 Kf8 34. Nf1 Qh7 35. Ng3 Rh2+ 36. Rxh2 Qxh2+ 37. Kf1 Qh3+ 38. Qg2 Qxg4 39. Bd3 Qf4+ 40. Qf2 Qg4 41. Be2 Qh3+ 42. Qg2 Qh4 43. Bd3 Qf4+ 44. Qf2 Rh4 45. Qxf4 Rxf4+ 46. Ke2 Rh4 47. Rh1 Rxh1 48. Nxh1 Kg7 49. Ng3 Kh6 50. Bc4 g4 51. Be6 Bb5+ 52. Kf2 b6 53. Bf7 Kg5 54. Nh5 Bc6 55. Ng3 a5 56. Bc4 b5 57. Bd3 a4 58. bxa4 bxa4 59. Ne2 a3 60. Nc1 d5 61. exd5 Bxd5 62. Kg3 a2 63. Nxa2 Bxa2 64. Be4 Bg8 0-1

[Event "Alta Padovana op-B 5th"]
[Site "Loreggia"]
[Date "2005.02.27"]
[Round "4"]
[White "Bonollo, Sergio"]
[Black "Porta, Federico"]
[Result "1/2-1/2"]
[WhiteElo "1859"]
[BlackElo "1781"]
[PlyCount "119"]
[EventDate "2005.02.25"]
[EventType "swiss"]
[EventRounds "5"]
[EventCountry "ITA"]
[SourceTitle "EXT 2024"]
[Source "ChessBase"]
[SourceDate "2023.10.10"]
[SourceVersion "1"]
[SourceVersionDate "2023.10.10"]
[SourceQuality "1"]

1. e4 d5 2. exd5 Qxd5 3. Nc3 Qa5 4. d4 Nf6 5. Nf3 Bf5 6. Bd3 c6 7. 0-0 Nbd7 8. a3 e6 9. Re1 Bg4 10. h3 Bh5 11. Bf4 Be7 12. b4 Qd8 13. Ne4 Nxe4 14. Bxe4 Nf6 15. c3 0-0 16. Qe2 Nd5 17. Bxd5 cxd5 18. g4 Bg6 19. Ne5 Rc8 20. Bd2 Bg5 21. f4 Bh4 22. Nxg6 Bxe1 23. Nxf8 Bxd2 24. Qxd2 Kxf8 25. g5 Rc6 26. Qc2 Kg8 27. Rf1 Qc7 28. Rf3 Rc4 29. Qb2 Rc6 30. Kg2 Qb6 31. f5 exf5 32. Rxf5 Rg6 33. Qb3 h6 34. Qxd5 Rxg5+ 35. Rxg5 hxg5 36. c4 a6 37. Kg3 Qg6 38. Qe5 Qh6 39. Qe8+ Kh7 40. Qe4+ Kg8 41. c5 Qf6 42. Kg2 g6 43. a4 Qd8 44. Qe5 Qd7 45. a5 f6 46. Qe4 Kg7 47. d5 Qa4 48. d6 Qa2+ 49. Kf1 Qa1+ 50. Ke2 Qb2+ 51. Kf1 Qa1+ 52. Kg2 Qb2+ 53. Kh1 Qa1+ 54. Kh2 Qb2+ 55. Kg1 Qa1+ 56. Kf2 Qb2+ 57. Ke1 Qa1+ 58. Kd2 Qb2+ 59. Ke1 Qa1+ 60. Kf2 1/2-1/2